| 000 | 01632 a2200265 4500 | ||
|---|---|---|---|
| 003 | Nust | ||
| 005 | 20221208101019.0 | ||
| 010 | _a 98175544 | ||
| 020 | _a0852969198 | ||
| 035 | _a(OCoLC)38227396 | ||
| 040 | _cNust | ||
| 082 | _a621.382,OOD | ||
| 100 | 1 |
_aOodan, A. P. _997397 |
|
| 245 | 1 | 0 |
_aQuality of service in telecommunications / _cA.P. Oodan, K.E. Ward and A.W. Mullee. |
| 260 |
_aLondon : _bInstitution of Electrical Engineers, _cc1997. |
||
| 300 |
_axxiii, 375 p. : _bill. ; _c24 cm. |
||
| 490 | 1 |
_aIEE telecommunications series ; _vv. 39 |
|
| 505 | _aIntroduction to Quality of Service (Page-1), Key Issues of Quality of Service (Page-12), Review of Major Studies (Page-19), A Framework for Quality of Service Management (Page-35), Customer’s Quality of Service Requirements (Page-47), Quality of Service Offered (Page-67), Quality of Services Delivered (Page-84), Customer Perception of Quality of Service (Page-97), Service Surround and Service Management (Page-116), Network Performance Engineering (Page-136), Network Integrity (Page-168), Economics of Quality of Service (Page-200), Role of Standards (Page-221), Role of user Groups (Page-242), Role of Regulation (Page-253), Comparisons of Quality of Service (Page-272), Practical Management of Quality of Service (Page-294), Quality of Service: The Future (Page-313), Standardizing the Framework (Page-333) | ||
| 650 | 0 | _aTelecommunication Engineering | |
| 650 | 0 |
_aTelecommunication _xReliability. _9104408 |
|
| 700 | 1 |
_aMullee, A. W. _997398 |
|
| 700 | 1 |
_aWard, K. E. _997399 |
|
| 830 | 0 |
_aIEE telecommunications series ; _994245 |
|
| 942 |
_2ddc _cBK |
||
| 999 |
_c182552 _d182552 |
||